000 02504nam0a2200385 4500
001 RU\NLR\BIBL_A\011773671
005 20190325162358.0
010 _a978-5-98769-145-8
_9500
021 _aRU
_bКН-П-18-053724
_9КН-П-18-3872
035 _a(NLR Aleph) 011773671
035 _a(RuMoRGB)009697252
090 _a11739873
_c11739873
100 _a20180821d2017 k y0rusy50 ca
101 0 _arus
102 _aRU
105 _aa|||z|||000zy
200 1 _aТеории управления многообразием в России и за рубежом: история, основные понятия, ведущие идеи и ценностно-смысловые установки
_eмонография
_fМ.Н. Певзнер, Р.М. Шерайзина, П.А. Петряков [и др.
_gпод общ. ред. М.Н. Певзнера, П.А. Петрякова]
_gМинистерство образования и науки Российской Федерации, Федеральное государственное бюджетное образовательное учреждение высшего образования "Новгородский государственный университет имени Ярослава Мудрого"
210 _aВеликий Новгород
_cИздательско-полиграфический центр Новгородского государственного университета им. Ярослава Мудрого
_d2017
215 _a250 с.
_cил., табл.
_d20
320 _aБиблиогр. в конце гл.
606 1 _aПедагогика многообразия
_2nlr_sh2
_3RU\NLR\AUTH\6601651337
606 1 _aОбразовательные учреждения
_xУправление
_2nlr_sh1
_2nlr_sh2
_3RU\NLR\AUTH\661378636
606 1 _aУчащиеся
_xВоспитание толерантности
_2nlr_sh2
_3RU\NLR\AUTH\661512454
610 0 _aтолерантность в коллективе сотрудников и обучающихся
686 1 _aЧ313.521.5
686 1 _aЧ34(2Р)к
686 1 _aЧ30в
701 1 _aПевзнер
_bМ. Н.
_gМихаил Наумович
701 1 _aШерайзина
_bР. М.
_gРоза Моисеевна
701 1 _aПетряков
_bП. А.
_gПетр Анатольевич
942 _cBOOK
980 _aNBR
980 _aNB